000 00376nam a2200157Ia 4500
003 OSt
005 20240329163222.0
008 170524s9999 xx 000 0 und d
020 _a978-9352029013
040 _ciimtu meerut
100 _aChukawala S.A
100 _c2006
245 0 _aProduction and Operations Management
260 _aHIMALAYA PUBLICATION
942 _2ddc
_c02
999 _c2303
_d2303